000 00237nam a2200097Ia 4500
001 693078
005 20250826161907.0
008 250824s9999 xx 000 0 und d
245 0 _aSATRANÇ/S.ZWEIG/EVEREST
_cSTEFAN ZWEIG
260 _bEVEREST
999 _c693078
_d693078